000 01809nam0a2200337 4500
001 RU\NLR\BIBL_A\012179309
005 20200124111852.0
010 _a978-5-00140-353-1
_9500
021 _aRU
_bКН-П-19-095309
_9КН-П-19-6984
035 _a(NLR Aleph) 012179309
035 _a(RuMoRGB)010194690
090 _a12274239
_c12274239
100 _a20200115d2019 u y0rusy50 ca
101 0 _arus
102 _aRU
105 _ay j 000zy
181 0 _ai
_baxxe
182 0 _an
200 1 _aУголовное право (Особенная часть)
_eкурс лекций
_e[для студентов, магистрантов, аспирантов и преподавателей юридических вузов по специальности "Уголовное право. Особенная часть"]
_fИ. А. Ефремова
_gпод редакцией доктора юридических наук, профессора, заслуженного деятеля науки РФ Б. Т. Разгильдиева
203 _aТекст
_bвизуальный
_cнепосредственный
210 _aСаратов
_cАмирит
_d2019
215 _a383 с.
_cтабл.
_d21
320 _aБиблиогр. в подстроч. примеч.
606 1 _aУголовное право
_jУчебные издания для высших учебных заведений
_xОсобенная часть
_yРоссийская Федерация
_92089385
_3RU\NLR\AUTH\661264774
686 1 _aХ628.11я73
700 1 _4070
_7ca
_8rus
_aЕфремова
_bИ. А.
_cд-р юрид. наук
_gИрина Алексеевна
_947678
_3RU\NLR\AUTH\7764749
942 _cBOOK
980 _aNBR
980 _aNB